000
00231nam a22000857a 4500
008
161027b xxu||||| |||| 00| 0 eng d
100
_9
967
_a
Jharna.De.etal.
245
_a
Mathsight Book
260
_a
New Delhi
_b
Brittanica Publications
_c
2011
999
_c
3626
_d
3626